000
00208 a2200097 4500
001
32082
100
_a
Gagliar
245
_a
Satellite Communications
260
_a
N Delhi
_b
CBS
_c
1984
090
_c
21532
_d
21532
942
_a
NUST-CAE
_c
M
_c
12817
999
_c
267155
_d
267155